000 00754cam a2200265 4500
008 090401t1987 xxu||||| |||| 00| 0 eng d
020 _a041914420X
035 _a(Sirsi) u51981
041 _aeng
050 _a692.5
245 _aSpon`s mechanical and electrical services price book 1988
250 _a19th ed.
260 _aLondon
_bE. and F.N. Spon
_c1987
300 _axvi, 550p. ; 24cm.
350 _a32
650 _aBUILT ENVIRONMENT-BUILDING COSTS
650 _aBlock management
_96220
650 _aELECTRICAL SERVICES
650 _aLABOUR COSTS
650 _aMECHANICAL AND ELECTRICAL SERVICES
650 _aBUILDING PRICE BOOKS
710 _aDavis Belfield and Everest.
_h
_xEditor
_93164
942 _n0
948 _c04/03/1997
999 _c92979
_d92979